000 00575ntaaa2200181 4500
003 01
005 20251027201857.0
008 0714s1973 ag 01
040 _aAR-BaBN
_bspa
_cAR-BaBN
_eaacr
_dRIC
082 _a230.1000 W85
100 _aWood, H. G.
_917237
245 _aBelief and unbelief since 1850
250 _a1 ed. :
_bCambridge University Press,
_c1955
300 _a142 p.
500 _a"some contrasts between the religious life and thought of Britain around 1850 and the religious life and thought today"
650 _aTeología Histórica
_92083
942 _cBK
999 _c13442
_d13442